[Event "Portoroz op 11th"]
[Site "Portoroz"]
[Date "2017.07.27"]
[Round "7"]
[White "Gombocz, Ferenc Jr"]
[Black "Lavorgna, Filippo"]
[Result "1/2-1/2"]
[WhiteElo "2039"]
[BlackElo "1832"]
[PlyCount "29"]
[EventDate "2017.07.22"]
[EventType "swiss"]
[EventRounds "9"]
[EventCountry "SLO"]
[SourceTitle "EXT 2020"]
[Source "ChessBase"]
[SourceDate "2019.10.17"]
[SourceVersion "1"]
[SourceVersionDate "2019.10.17"]
[SourceQuality "1"]

1. c4 e6 2. g3 d5 3. Bg2 Nf6 4. Nf3 Be7 5. 0-0 0-0 6. b3 c5 7. Bb2 Nc6 8. e3 b6 9. Nc3 Bb7 10. cxd5 Nxd5 11. Nxd5 exd5 12. d4 Bf6 13. Rc1 Qd6 14. Re1 Nb4 15. Bf1 1/2-1/2

[Event "EU-ch U14 26th"]
[Site "Prague"]
[Date "2016.08.26"]
[Round "8"]
[White "Lavorgna, Filippo"]
[Black "Jamalov, Adam"]
[Result "1/2-1/2"]
[WhiteElo "1849"]
[BlackElo "1597"]
[PlyCount "92"]
[EventDate "2016.08.18"]
[EventType "swiss"]
[EventRounds "9"]
[EventCountry "CZE"]
[SourceTitle "CBM 174 Extra"]
[Source "ChessBase"]
[SourceDate "2016.10.10"]
[SourceVersion "1"]
[SourceVersionDate "2016.10.10"]
[SourceQuality "1"]

1. c4 g6 2. g3 Bg7 3. Bg2 c6 4. e4 d6 5. d4 Qb6 6. Ne2 Bg4 7. f3 Be6 8. b3 c5 9. Be3 Na6 10. 0-0 Bd7 11. Nbc3 e5 12. dxe5 Bxe5 13. f4 Bg7 14. Qd3 Nb4 15. Qd2 Bg4 16. Rac1 Ne7 17. h3 Bxe2 18. Nxe2 Rd8 19. a3 Nbc6 20. b4 Nd4 21. Nxd4 cxd4 22. Bf2 0-0 23. Rfd1 Nc6 24. Qd3 Rfe8 25. Rb1 Rc8 26. b5 Na5 27. Rb4 d5 28. exd5 Re3 29. Bxe3 dxe3 30. Kh2 Bf8 31. Ra4 Re8 32. Re1 Bc5 33. Re2 Qd8 34. Rb4 Qe7 35. Rb1 b6 36. a4 Nb7 37. Bf3 Nd6 38. Ra1 Qf6 39. Rd1 h5 40. Rf1 h4 41. Bg2 hxg3+ 42. Kxg3 Nf5+ 43. Kh2 Qh4 44. Rf3 Bd6 45. Kg1 Bc5 46. Kh2 Bd6 1/2-1/2

[Event "EU-ch U14 26th"]
[Site "Prague"]
[Date "2016.08.22"]
[Round "5"]
[White "Lavorgna, Filippo"]
[Black "Balashov, Egor"]
[Result "1/2-1/2"]
[WhiteElo "1849"]
[BlackElo "1624"]
[PlyCount "82"]
[EventDate "2016.08.18"]
[EventType "swiss"]
[EventRounds "9"]
[EventCountry "CZE"]
[SourceTitle "CBM 174 Extra"]
[Source "ChessBase"]
[SourceDate "2016.10.10"]
[SourceVersion "1"]
[SourceVersionDate "2016.10.10"]
[SourceQuality "1"]

1. c4 e5 2. g3 h5 3. h4 Bc5 4. Nc3 Nf6 5. Bg2 Nc6 6. Nf3 0-0 7. 0-0 a5 8. d3 Ng4 9. e3 d6 10. b3 Bf5 11. Bb2 Bxe3 12. fxe3 Nxe3 13. Qe2 Nxf1 14. Rxf1 Bg6 15. a3 Re8 16. Ng5 Nd4 17. Qf2 f6 18. Bd5+ Kf8 19. Nce4 c6 20. Bxd4 cxd5 21. Bb6 Qe7 22. cxd5 Kg8 23. Ne6 Rec8 24. Qd2 Bf7 25. Bxa5 Bxe6 26. dxe6 Qxe6 27. Bb4 d5 28. Nxf6+ gxf6 29. Qh6 Qg4 30. Rxf6 Qxg3+ 31. Kf1 Qxd3+ 32. Kg1 Qd4+ 33. Rf2 Rc7 34. Bf8 Ra6 35. Qg5+ Kh7 36. Qxh5+ Kg8 37. Qg5+ Kh8 38. Kg2 Qe4+ 39. Kh2 Rg6 40. Qd8 Qf4+ 41. Rxf4 Rc2+ 1/2-1/2

[Event "Presolana op 35th"]
[Site "Presolana"]
[Date "2015.08.29"]
[Round "7"]
[White "Dubois, Martine"]
[Black "Lavorgna, Filippo"]
[Result "1-0"]
[WhiteElo "1982"]
[BlackElo "1840"]
[PlyCount "43"]
[EventDate "2015.08.23"]
[EventType "swiss"]
[EventRounds "8"]
[EventCountry "ITA"]
[SourceTitle "EXT 2024"]
[Source "ChessBase"]
[SourceDate "2023.10.10"]
[SourceVersion "1"]
[SourceVersionDate "2023.10.10"]
[SourceQuality "1"]

1. e4 c6 2. c4 d5 3. cxd5 cxd5 4. exd5 Nf6 5. Nc3 Nxd5 6. Nf3 Nc6 7. d4 e6 8. Bb5 a6 9. Bxc6+ bxc6 10. 0-0 Bd6 11. Ne5 Bxe5 12. dxe5 Nxc3 13. Qxd8+ Kxd8 14. bxc3 Bb7 15. Rb1 Kc8 16. Rd1 a5 17. Be3 Ra6 18. Rb2 Kc7 19. Bc5 a4 20. Bd6+ Kc8 21. Rdb1 Ra7 22. Bc5 1-0

[Event "Presolana op 35th"]
[Site "Presolana"]
[Date "2015.08.27"]
[Round "5"]
[White "Boccalatte, Piero"]
[Black "Lavorgna, Filippo"]
[Result "0-1"]
[WhiteElo "1913"]
[BlackElo "1840"]
[PlyCount "128"]
[EventDate "2015.08.23"]
[EventType "swiss"]
[EventRounds "8"]
[EventCountry "ITA"]
[SourceTitle "EXT 2024"]
[Source "ChessBase"]
[SourceDate "2023.10.10"]
[SourceVersion "1"]
[SourceVersionDate "2023.10.10"]
[SourceQuality "1"]

1. d4 Nf6 2. c4 e6 3. Nc3 d5 4. Bg5 Be7 5. e3 0-0 6. Nf3 Nbd7 7. Rc1 c6 8. Qc2 dxc4 9. Bxc4 b5 10. Bd3 a6 11. 0-0 Bb7 12. Ne4 h6 13. Bh4 Nxe4 14. Bxe7 Qxe7 15. Bxe4 Rac8 16. Nd2 f5 17. Bf3 e5 18. dxe5 Nxe5 19. Be2 c5 20. Nf3 Nxf3+ 21. Bxf3 Bxf3 22. gxf3 Qe5 23. Rfd1 c4 24. Rd4 f4 25. Qe2 Rce8 26. Qd2 fxe3 27. fxe3 Qxe3+ 28. Qxe3 Rxe3 29. f4 Rf3 30. Rf1 Rxf1+ 31. Kxf1 g5 32. Rd6 Rxf4+ 33. Kg2 Kg7 34. Rxa6 Rd4 35. b3 cxb3 36. axb3 Rd3 37. h4 g4 38. h5 Rxb3 39. Rg6+ Kh7 40. Rxg4 Rc3 41. Rg6 Rc5 42. Rb6 Rxh5 43. Kg3 Rc5 44. Kg4 h5+ 45. Kh4 Kg7 46. Kg3 Kf7 47. Kf3 Ke7 48. Ke3 Kd7 49. Kd4 Rg5 50. Rh6 Kc7 51. Kc3 Kd7 52. Kd3 b4 53. Kc2 Ke7 54. Kb3 Rb5 55. Rg6 Kf7 56. Rd6 Kg7 57. Re6 h4 58. Re4 Rh5 59. Kxb4 h3 60. Re1 h2 61. Rh1 Kg6 62. Kc3 Kg5 63. Kd3 Kg4 64. Ke2 Kg3 0-1

[Event "ITA-ch U12"]
[Site "Tarvisio"]
[Date "2014.07.05"]
[Round "9"]
[White "Lavorgna, Filippo"]
[Black "Sonis, Francesco"]
[Result "0-1"]
[WhiteElo "1732"]
[BlackElo "2023"]
[PlyCount "42"]
[EventDate "2014.06.29"]
[EventType "swiss"]
[EventRounds "9"]
[EventCountry "ITA"]
[SourceTitle "EXT 2024"]
[Source "ChessBase"]
[SourceDate "2023.10.10"]
[SourceVersion "1"]
[SourceVersionDate "2023.10.10"]
[SourceQuality "1"]

1. c4 e5 2. Nc3 Nc6 3. g3 g6 4. Nf3 Bg7 5. Bg2 Nge7 6. 0-0 0-0 7. d3 d6 8. Rb1 f5 9. Bd2 a5 10. a3 h6 11. b4 axb4 12. axb4 Be6 13. b5 Nb8 14. Ra1 Nd7 15. Qb3 Nc5 16. Qb4 Qd7 17. Rfb1 g5 18. Be3 Rxa1 19. Rxa1 e4 20. dxe4 Nxe4 21. Bd2 g4 0-1

[Event "Milan Befana op-B"]
[Site "Milan"]
[Date "2014.01.02"]
[Round "1"]
[White "Neri, Angelo"]
[Black "Lavorgna, Filippo"]
[Result "1-0"]
[WhiteElo "1894"]
[BlackElo "1725"]
[PlyCount "139"]
[EventDate "2014.01.02"]
[EventType "swiss"]
[EventRounds "7"]
[EventCountry "ITA"]
[SourceTitle "EXT 2015"]
[Source "ChessBase"]
[SourceDate "2014.11.20"]
[SourceVersion "1"]
[SourceVersionDate "2014.11.20"]
[SourceQuality "1"]

1. e4 c6 2. d4 d5 3. Nc3 dxe4 4. Nxe4 Bf5 5. Ng3 Bg6 6. Nf3 Nf6 7. c3 Nbd7 8. h4 h6 9. h5 Bh7 10. Bd3 Bxd3 11. Qxd3 e6 12. Bd2 Bd6 13. Ne4 Nxe4 14. Qxe4 Nf6 15. Qe2 Qc7 16. Ne5 Nd7 17. f4 Nxe5 18. fxe5 Be7 19. Qg4 0-0-0 20. 0-0-0 Rhg8 21. Rdf1 Bg5 22. Bxg5 hxg5 23. Qxg5 Rdf8 24. Qg4 Kb8 25. Rh3 Qe7 26. Rg3 Qd8 27. Rgf3 Qe7 28. Rf4 a6 29. Kb1 f6 30. a3 Ka7 31. Qg6 f5 32. g4 fxg4 33. Qxg4 Rxf4 34. Qxf4 Qd7 35. Qf7 Rd8 36. Qg6 Qd5 37. Qxg7 Qc4 38. Qf6 Qd3+ 39. Ka1 Rh8 40. Qf3 Qc4 41. Rh1 c5 42. Qf1 Qd5 43. h6 cxd4 44. Qg1 Kb8 45. Rh4 dxc3 46. bxc3 Qxe5 47. Qd4 Qxd4 48. cxd4 Kc7 49. Kb2 Rh7 50. Kc3 Kd6 51. Rh5 b6 52. Kc4 Kc6 53. Kd3 Kd6 54. Ke4 Kd7 55. Kf4 Ke7 56. Kg5 Rh8 57. h7 Kf7 58. Kf4 Kg6 59. Rh1 a5 60. Ke5 b5 61. Kxe6 Rxh7 62. Rxh7 Kxh7 63. Kd5 b4 64. axb4 axb4 65. Kc4 Kg7 66. Kxb4 Kf6 67. Kc5 Ke6 68. Kc6 Ke7 69. d5 Ke8 70. Kc7 1-0